Responses for show #4795 - Friday, June 10, 2005

Contestants

Lisa Osterman, a geologist from Bethesda, Maryland

Brian Algra, a doctoral student from Torrance, California

Daniel Granof, an associate producer originally from Bethesda, Maryland (whose 2-day cash winnings total $27,400)

Jeopardy! Round responses

MEXICAN GEOGRAPHY
ESPN'S GREATEST SPORTS RECORDS
(Alex: ...of the last 25 years.)
10-, 11- & 12-LETTER WORDS
CONDIMENTS
SALT
"PEPPER"
    $200 26
Chihuahua

Lisa
    $200 2
Tiger Woods

Brian
    $200 7
(Alex: Hey, we're back to sports.)
(Brian: Keep it coming.)

basketball

Brian
    $200 1
butter

Brian
    $200 12
Gandhi

Brian
    $200 17
pepperoni

Brian
    $400 27
the Colorado River

Brian
    $400 3
Pete Rose

Brian
    $400 8
a teetotaler

Daniel
    $400 13
extra virgin

Brian
    $400 22
Morton's

Lisa
    $400 18
Peppermint Patty

Brian
    $600 28
Occidental

Brian
    $600 4
Nolan Ryan

Brian
    $600 9
a planetarium

Lisa
    $600 14
relish

Brian
    $600 23
(Lisa: What is samurai fighting? I mean... Sorry.)
...
(Alex: [*]. I bet you that's what Lisa meant to say, and she just misspoke.)

sumo wrestling

DanielLisa
    $600 19
Pepperidge Farm

Daniel
    $800 29
(Brian: What is Cabo San Lucas?)

Acapulco

DanielBrian
    $800 5
Wayne Gretzky

Brian
    $800 10
ultraviolet waves

Daniel
    $800 15
salsa

Brian
    $900 24
(Alex: It will benefit Daniel. Maybe.)
...
(Alex: Bad table manners.)

Judas

Daniel
    $800 20
a pepper sprout

Brian
    $1000 30
Juárez

Brian
    $1000 6
(Brian: Who is Rod Laver?)
...
(Alex: Brian, you're in the right sport, but we were going for [*].)

Pete Sampras

Brian
Triple Stumper
    $1000 11
penultimate

Daniel
    $1000 16
(Daniel: What is [*]? Let's...)
(Alex: And that takes you to $200 off of Brian's lead, and you were doing it again, right Daniel? Three days in a row. You're so eager to continue. And that's good. We'll take a break, come back after this.)

aioli

Daniel
    $1000 25
the Erie Canal

Lisa
    $1000 21
Sgt. Pepper

Daniel

Scores at the first commercial break (after clue 16):

Daniel Brian Lisa
$3,200 $3,400 $600

Scores at the end of the Jeopardy! Round:

Daniel Brian Lisa
$7,100 $6,000 $1,600

Double Jeopardy! Round responses

AFRICAN HISTORY
HARRISON FORD MOVIES BY ROLE
PREY PURVIEW
SHAKESPEERS
CONTRACT BRIDGE
TO SEIZE 2 Cs
(Alex: Figure that each correct response will have two "C"s in it.)
    $400 21
Haile Selassie

Lisa
    $400 6
Air Force One

Daniel
    $400 16
a rabbit

Lisa
    $400 11
Henry VIII

Brian
    $400 26
pass

Daniel
    $400 1
occupancy

Daniel
    $800 22
the Zulu empire

Brian
    $800 7
Witness

Brian
    $800 17
a beetle

Daniel
    $800 12
Macbeth

Brian
    $800 27
trump

Daniel
    $800 2
Bacchus

Daniel
    $1200 23
(Brian: What is Tyre?)
(Daniel: What is Alexandria?)

Carthage

DanielBrianLisa
    $1200 8
Patriot Games and Clear and Present Danger

Brian
    $1200 18
a constrictor

Daniel
    $1200 13
A Midsummer Night's Dream

Brian
    $1200 28
redouble

Brian
    $1200 3
(Lisa: What is Monaco?)
(Alex: We're talking about Africa. You were in Europe. Monaco has only one "C," but [*] has two.)

Morocco

Lisa
Triple Stumper
    $2,000 24
(Alex: Daily Double; way to go Lisa!)
...
(Lisa: What is Congo?)

Angola

Lisa
    $1600 9
Working Girl

Daniel
    $1600 19
a (ringed) seal

Lisa
    $2,300 14
Othello

Brian
    $1600 29
(Daniel: What is partner bridge?)

rubber

Daniel
Triple Stumper
    $1600 4
the coccyx

Lisa
    $2000 25
(Brian: What is Botswana?)

Namibia

Brian
Triple Stumper
    $2000 10
American Graffiti

Daniel
    $2000 20
the osprey

Triple Stumper
    $2000 15
Richard II

Brian
    $2000 30
the declarer

Triple Stumper
    $2000 5
Occam

Daniel

Scores at the end of the Double Jeopardy! Round:

Daniel Brian Lisa
$14,700 $13,500 $3,600

[wagering suggestions for these scores]

Final Jeopardy! Round responses

PRESIDENTS
(Alex: A question about presidents. How appropriate at this time when there are so many presidential elections going on all over the world.)
...
(Alex: ...we're talking about the United States.)
...
(Alex: [To Lisa] No. We're talking about the last time.)
...
(Alex: Who was [*]? There were no living ex-presidents at a time when he was president.)
...
(Alex: Lisa Osterman! The Osterman weekend, maybe. That's right! $3,600 and our new champion, ladies and gentlemen. Hey, sometimes it works out that way, doesn't it? Strategy very important.)
LisaWho G. Washington
$0
BrianWho is George Washington?
$13,500
DanielWho was Truman?
$13,550
Richard Nixon

Final scores:

Daniel Brian Lisa
$1,150 $0 $3,600
2nd place: $2,000 3rd place: $1,000 New champion: $3,600

Game dynamics:

Coryat scores:

Daniel Brian Lisa
$14,600 $12,800 $5,600
19 R
(including 1 DD),
2 W
25 R
(including 1 DD),
4 W
9 R,
3 W
(including 1 DD)

Combined Coryat: $33,000

The J! Archive is created by fans, for fans. The Jeopardy! game show and all elements thereof, including but not limited to copyright and trademark thereto, are the property of Jeopardy Productions, Inc. and are protected under law. This website is not affiliated with, sponsored by, or operated by Jeopardy Productions, Inc. Join the discussion at JBoard.tv.